000 01158nam a22003737a 4500
001 253
003 FISKH
005 20230310145512.0
008 230310b cb ||||| |||| 00| 0 eng d
040 _aDLC
_beng
_cDLC
_erda
_dDLC
_dFISKH
042 _alcac
_apcc
050 0 0 _aPZ10.3.A965
_bOl 2015
082 0 0 _a813.54
_223
100 1 _aAvi,
_d1937-
_eauthor.
245 1 0 _aOld wolf /
_cby Avi ; illustrated by Brian Floca.
264 1 _aNew York
_bScholastic
_c2016
300 _a146 p.:
_bill;
_c20 cm.
336 _atext
_2rdacontent
337 _aunmediated
_2rdamedia
338 _avolume
_2rdacarrier
500 _a"A Richard Jackson book."
505 _aM
520 _a"A wolf and bird must fight the starving time and find food, while a human boy learns to hunt"--
_cProvided by publisher.
521 1 _a630
_bLexile
521 1 _aM
_bRaz-Plus
650 0 _aWolves
_vJuvenile fiction.
650 1 _aWolves
_vFiction.
650 1 _aRavens
_vFiction.
650 1 _aFriendship
_vFiction.
650 1 _aHunting
_vFiction.
700 1 _aFloca, Brian,
_eillustrator.
906 _a7
_bcbc
_corignew
_d1
_eecip
_f20
_gy-gencatlg
942 _2ddc
_cBK
_n0
999 _c253
_d253